000 01163nam a22003617a 4500
003 CHAP
005 20220329133514.0
008 971013s1992 r 00010 d
010 _a7151
011 _a8123
035 _a7348
040 _cCHAP
082 _a581.13345
_bS4
100 0 0 _aShewry, Peter R.
_9105677
245 _aPlant protein engineering
260 _aCambridge :
_bUniversity Press,
_c1992
300 _a346 p.
500 _a64-118
590 _aBATCH-UPD
_b10
_c20130110
_lUCH01
_h1611
590 _aBATCH-UPD
_b10
_c20130410
_lUCH01
_h1007
590 _aBATCH-UPD
_b10
_c20130914
_lUCH01
_h0646
590 _aCONVERSION
_b10
_c20130109
_lUCH01
_h1305
650 1 4 _aBiotecnología vegetal.
_912892
650 1 4 _aIngeniería genética.
_958228
650 1 4 _aPlantas
_xMetabolismo.
_988858
650 1 4 _aProteínas vegetales.
_992460
650 1 4 _aSanidad vegetal.
_9102224
700 0 _aGutteridge, S.
_951894
901 _aBK
942 _cLIBRO
949 _a581.13345 S4
_bBC
_cLIBRO
_d33724000546859
_eLIBRO
_gI.166730
_h82964
_i7348
_si
_t378.00
949 _a581.13345 S4
_bBC
_cLIBRO
_d33724000546867
_eLIBRO
_fc.2
_gI.176184
_h87802
_i7348
_si
_t317.83
999 _c7151
_d7151